[Event "Krefeld op"]
[Site "Krefeld"]
[Date "2023.08.06"]
[Round "8"]
[White "Reuter, Julian Frank"]
[Black "Neukirchner, Pascal"]
[Result "1/2-1/2"]
[WhiteElo "2083"]
[BlackElo "2279"]
[PlyCount "94"]
[EventDate "2023.08.02"]
[EventType "swiss"]
[EventRounds "9"]
[EventCountry "GER"]
[SourceTitle "CBM 215 Extra"]
[Source "ChessBase"]
[SourceDate "2023.09.30"]
[SourceVersion "1"]
[SourceVersionDate "2023.09.30"]
[SourceQuality "1"]

1. d4 Nf6 2. Nf3 g6 3. g3 Bg7 4. Bg2 d5 5. 0-0 0-0 6. c4 c6 7. b3 Bf5 8. Bb2 Nbd7 9. e3 Qa5 10. Nc3 Ne4 11. Nxe4 Bxe4 12. Bh3 Nc5 13. Qd2 Qxd2 14. Nxd2 Bd3 15. Rfc1 Ne4 16. Nxe4 dxe4 17. Ba3 Rfe8 18. Bf1 Bxf1 19. Kxf1 f5 20. Rc2 e6 21. Rd1 Bf8 22. Bxf8 Kxf8 23. d5 exd5 24. cxd5 Rad8 25. Rcd2 c5 26. Rc1 b6 27. b4 cxb4 28. Rc4 Re5 29. d6 Rc5 30. Rxb4 Rd7 31. g4 Kf7 32. gxf5 gxf5 33. f3 exf3 34. Kf2 Ke6 35. Rh4 Rc6 36. Kxf3 Rcxd6 37. Rh6+ Ke5 38. Rdxd6 Rxd6 39. Rxh7 a5 40. Re7+ Kd5 41. e4+ fxe4+ 42. Rxe4 b5 43. h4 Rf6+ 44. Rf4 Rc6 45. h5 a4 46. Rh4 Rc3+ 47. Ke2 Rc7 1/2-1/2

[Event "Krefeld op"]
[Site "Krefeld"]
[Date "2023.08.05"]
[Round "6"]
[White "Reuter, Julian Frank"]
[Black "Ehlen, Jan"]
[Result "1-0"]
[WhiteElo "2083"]
[BlackElo "1626"]
[PlyCount "77"]
[EventDate "2023.08.02"]
[EventType "swiss"]
[EventRounds "9"]
[EventCountry "GER"]
[SourceTitle "CBM 215 Extra"]
[Source "ChessBase"]
[SourceDate "2023.09.30"]
[SourceVersion "1"]
[SourceVersionDate "2023.09.30"]
[SourceQuality "1"]

1. Nf3 Nf6 2. g3 e6 3. Bg2 d5 4. 0-0 c5 5. d4 Nc6 6. c4 Be7 7. cxd5 Nxd5 8. e4 Nf6 9. e5 Nd5 10. dxc5 Bxc5 11. Qc2 Be7 12. Nc3 Nxc3 13. bxc3 Qc7 14. Bf4 0-0 15. Qe4 Rb8 16. Rac1 b6 17. Nd4 Nxd4 18. cxd4 Qd7 19. Qc6 Qxc6 20. Rxc6 Ba6 21. Rfc1 Rbc8 22. Rc7 Ba3 23. R1c6 Bb2 24. Rxa7 Rxc6 25. Bxc6 Bc4 26. Be3 Rb8 27. a4 h6 28. Ra8 Rxa8 29. Bxa8 Kf8 30. f4 Bd5 31. Bxd5 exd5 32. f5 Ke7 33. Kf2 g6 34. g4 g5 35. Ke2 Kd7 36. Kd3 Ba3 37. Kc3 Kc6 38. Kb3 Bf8 39. Bd2 1-0

[Event "Krefeld op"]
[Site "Krefeld"]
[Date "2023.08.04"]
[Round "4"]
[White "Reuter, Julian Frank"]
[Black "Meyer Jany, Marcel"]
[Result "1/2-1/2"]
[WhiteElo "2083"]
[BlackElo "1743"]
[PlyCount "107"]
[EventDate "2023.08.02"]
[EventType "swiss"]
[EventRounds "9"]
[EventCountry "GER"]
[SourceTitle "CBM 215 Extra"]
[Source "ChessBase"]
[SourceDate "2023.09.30"]
[SourceVersion "1"]
[SourceVersionDate "2023.09.30"]
[SourceQuality "1"]

1. Nf3 d5 2. g3 c6 3. Bg2 Bf5 4. c4 e6 5. Qb3 Qb6 6. d3 Nf6 7. Be3 Qc7 8. Nc3 Nbd7 9. cxd5 exd5 10. 0-0 Bd6 11. Rfc1 a6 12. Nd4 Be6 13. a3 0-0 14. Qa2 Rfc8 15. b4 Qd8 16. Qd2 Qe7 17. Bf4 Nb6 18. Nb3 Rc7 19. Be3 Nbd7 20. Na4 Rac8 21. Nac5 Ng4 22. Bd4 Be5 23. Bxe5 Ngxe5 24. Nd4 Nxc5 25. bxc5 Nd7 26. Qc3 Qf6 27. Rab1 Ne5 28. Nf3 Nxf3+ 29. Bxf3 Qxc3 30. Rxc3 d4 31. Rc2 Rd8 32. Rcb2 Rdd7 33. Rb4 Kf8 34. Kg2 Ke7 35. g4 g5 36. Kg3 Kf6 37. h4 h6 38. hxg5+ hxg5 39. Be4 Ke5 40. Rh1 f5 41. gxf5 Bxf5 42. Bxf5 Kxf5 43. Rh8 Re7 44. Rf8+ Ke5 45. Rg8 Rg7 46. Re8+ Rge7 47. Rg8 Rg7 48. Rxg7 Rxg7 49. e3 dxe3 50. fxe3 Rd7 51. Rb3 Kd5 52. Rc3 Re7 53. Kf3 g4+ 54. Kf4 1/2-1/2

[Event "Krefeld op"]
[Site "Krefeld"]
[Date "2022.08.07"]
[Round "7"]
[White "Wibmer, Michael"]
[Black "Reuter, Julian Frank"]
[Result "0-1"]
[WhiteElo "1674"]
[BlackElo "1883"]
[PlyCount "90"]
[EventDate "2022.08.04"]
[EventType "swiss"]
[EventRounds "9"]
[EventCountry "GER"]
[SourceTitle "CBM 209 Extra"]
[Source "ChessBase"]
[SourceDate "2022.09.30"]
[SourceVersion "1"]
[SourceVersionDate "2022.09.30"]
[SourceQuality "1"]

1. e4 c5 2. Nf3 d6 3. d4 cxd4 4. Nxd4 Nf6 5. Nc3 a6 6. f3 e5 7. Nb3 Be7 8. Be3 Be6 9. Qd2 h5 10. 0-0-0 Nbd7 11. f4 Ng4 12. f5 Nxe3 13. fxe6 fxe6 14. Re1 Nxf1 15. Qd3 Bg5+ 16. Kb1 Ne3 17. Rxe3 Bxe3 18. Qxe3 Qe7 19. Rd1 Rd8 20. Na5 Nf6 21. Nc4 b5 22. Nd2 0-0 23. Nf3 b4 24. Ne2 Ng4 25. Qb6 d5 26. exd5 Rxd5 27. Re1 Qd6 28. Qa7 Rd1+ 29. Rxd1 Qxd1+ 30. Nc1 Rc8 31. Ne1 Qxe1 32. Qxa6 Rf8 33. Qxe6+ Kh7 34. Qe7 Rf1 35. Qg5 g6 36. h4 Qxc1+ 37. Qxc1 Rxc1+ 38. Kxc1 Kg7 39. a4 bxa3 40. bxa3 Kf6 41. Kd2 e4 42. a4 Ke5 43. c3 Kd5 44. Kc2 Ne5 45. Kd2 Nc4+ 0-1

[Event "Krefeld op"]
[Site "Krefeld"]
[Date "2022.08.06"]
[Round "4"]
[White "Reuter, Julian Frank"]
[Black "Harff, Marcel"]
[Result "1/2-1/2"]
[WhiteElo "1883"]
[BlackElo "2329"]
[PlyCount "50"]
[EventDate "2022.08.04"]
[EventType "swiss"]
[EventRounds "9"]
[EventCountry "GER"]
[SourceTitle "CBM 209 Extra"]
[Source "ChessBase"]
[SourceDate "2022.09.30"]
[SourceVersion "1"]
[SourceVersionDate "2022.09.30"]
[SourceQuality "1"]

1. d4 Nf6 2. Nf3 b6 3. g3 Bb7 4. Bg2 c5 5. 0-0 cxd4 6. Qxd4 Nc6 7. Qd3 Rc8 8. c4 d5 9. cxd5 Qxd5 10. Qxd5 Nxd5 11. Bd2 Ba6 12. Rc1 e6 13. Nc3 Nf6 14. a4 Bc5 15. Nb5 0-0 16. e3 Rfd8 17. Bc3 Nd5 18. Bd4 Na5 19. Rd1 Nb3 20. Rab1 Bb7 21. Nxa7 Ra8 22. Bxc5 Nxc5 23. Nb5 Nxa4 24. Nfd4 Rac8 25. Rd2 Rd7 1/2-1/2

[Event "Krefeld op"]
[Site "Krefeld"]
[Date "2022.08.06"]
[Round "5"]
[White "Wagner, Julian"]
[Black "Reuter, Julian Frank"]
[Result "1-0"]
[WhiteElo "1955"]
[BlackElo "1883"]
[PlyCount "81"]
[EventDate "2022.08.04"]
[EventType "swiss"]
[EventRounds "9"]
[EventCountry "GER"]
[SourceTitle "CBM 209 Extra"]
[Source "ChessBase"]
[SourceDate "2022.09.30"]
[SourceVersion "1"]
[SourceVersionDate "2022.09.30"]
[SourceQuality "1"]

1. d4 d5 2. c4 e6 3. Nf3 Nf6 4. g3 Be7 5. Bg2 0-0 6. 0-0 dxc4 7. Qc2 a6 8. a4 Bd7 9. Qxc4 Bc6 10. Bf4 Bd6 11. Qc1 a5 12. Nc3 Na6 13. Re1 Bxf4 14. Qxf4 Nb4 15. Red1 Qd6 16. Qh4 Bxf3 17. Bxf3 c6 18. Rd2 e5 19. dxe5 Qxe5 20. Rad1 Rfe8 21. e4 Na6 22. Bg2 Nc5 23. f4 Qh5 24. Qxh5 Nxh5 25. Bf3 g6 26. Bxh5 gxh5 27. e5 Ra6 28. Rd4 Rb6 29. Rc4 Ne6 30. Ne4 Rd8 31. Rxd8+ Nxd8 32. f5 Rb4 33. Rxb4 axb4 34. a5 c5 35. Nxc5 Nc6 36. Nxb7 Nxe5 37. a6 Nc6 38. Nd6 Na7 39. Kf2 Kg7 40. Ke3 Kf6 41. Ke4 1-0

[Event "Krefeld op"]
[Site "Krefeld"]
[Date "2022.08.05"]
[Round "2"]
[White "Reuter, Julian Frank"]
[Black "Moeller, Tom"]
[Result "1-0"]
[WhiteElo "1883"]
[BlackElo "1246"]
[PlyCount "115"]
[EventDate "2022.08.04"]
[EventType "swiss"]
[EventRounds "9"]
[EventCountry "GER"]
[SourceTitle "CBM 209 Extra"]
[Source "ChessBase"]
[SourceDate "2022.09.30"]
[SourceVersion "1"]
[SourceVersionDate "2022.09.30"]
[SourceQuality "1"]

1. d4 d5 2. Nf3 Nf6 3. g3 e6 4. Bg2 c5 5. 0-0 Nc6 6. c4 Be7 7. cxd5 Nxd5 8. e4 Nf6 9. e5 Nd5 10. dxc5 Bxc5 11. Qc2 Bb6 12. Nc3 Ncb4 13. Qb3 Nxc3 14. bxc3 Nd5 15. Ba3 Bd7 16. Rfd1 Rc8 17. c4 Ne7 18. Rd3 Qc7 19. Rad1 Bc6 20. Bd6 Qd7 21. Qa3 Nf5 22. Bb4 Qc7 23. c5 a5 24. Bc3 Ba7 25. Bxa5 b6 26. cxb6 Bxb6 27. Bxb6 Qxb6 28. Nd4 Nxd4 29. Rxd4 Bxg2 30. Kxg2 Qc6+ 31. Kg1 g6 32. Qb4 Qc7 33. Qb5+ Kf8 34. Rd7 Qc6 35. Rd8+ Kg7 36. Qxc6 Rxc6 37. Rxh8 Kxh8 38. a4 Ra6 39. Ra1 Kg7 40. f4 f6 41. a5 fxe5 42. fxe5 g5 43. Kf2 Kg6 44. g4 Kf7 45. Ke3 Ke7 46. Kd4 Kd7 47. Kc5 Ra8 48. a6 Kc7 49. a7 h6 50. Rf1 Kd8 51. Rf8+ Kc7 52. Rxa8 Kb7 53. Kb5 Kxa8 54. Kb6 h5 55. gxh5 g4 56. h6 g3 57. h7 g2 58. h8R# 1-0

[Event "Krefeld op"]
[Site "Krefeld"]
[Date "2022.08.05"]
[Round "3"]
[White "Riemland, Arnold"]
[Black "Reuter, Julian Frank"]
[Result "1/2-1/2"]
[WhiteElo "2030"]
[BlackElo "1883"]
[PlyCount "64"]
[EventDate "2022.08.04"]
[EventType "swiss"]
[EventRounds "9"]
[EventCountry "GER"]
[SourceTitle "CBM 209 Extra"]
[Source "ChessBase"]
[SourceDate "2022.09.30"]
[SourceVersion "1"]
[SourceVersionDate "2022.09.30"]
[SourceQuality "1"]

1. d4 d5 2. Nf3 Nf6 3. Bg5 e6 4. e3 Be7 5. Bd3 Nbd7 6. Nbd2 0-0 7. 0-0 b6 8. a4 a5 9. Qe2 h6 10. Bf4 Bb7 11. Ne5 c5 12. c3 Nxe5 13. dxe5 Nd7 14. Qg4 Bg5 15. Bg3 c4 16. Bc2 Nc5 17. h4 Be7 18. Bf4 Kh8 19. Qh5 Nd3 20. Nf3 Nxf4 21. exf4 Kg8 22. g4 Qe8 23. Kh2 f5 24. Qxe8 Raxe8 25. gxf5 exf5 26. h5 Bc5 27. Rad1 Bc8 28. Kg3 Be6 29. Rb1 Kf7 30. Nh4 Kg8 31. Nf3 Kf7 32. Nh4 Kg8 1/2-1/2

[Event "Krefeld op"]
[Site "Krefeld"]
[Date "2022.08.04"]
[Round "1"]
[White "Hepting, Frank"]
[Black "Reuter, Julian Frank"]
[Result "0-1"]
[WhiteElo "1478"]
[BlackElo "1883"]
[PlyCount "102"]
[EventDate "2022.08.04"]
[EventType "swiss"]
[EventRounds "9"]
[EventCountry "GER"]
[SourceTitle "CBM 209 Extra"]
[Source "ChessBase"]
[SourceDate "2022.09.30"]
[SourceVersion "1"]
[SourceVersionDate "2022.09.30"]
[SourceQuality "1"]

1. e4 c5 2. d4 cxd4 3. c3 Nf6 4. e5 Nd5 5. cxd4 d6 6. Nf3 Nc6 7. Bc4 dxe5 8. dxe5 Ndb4 9. Qb3 e6 10. 0-0 Na5 11. Qa4+ Bd7 12. Bb5 Bxb5 13. Qxb5+ Nac6 14. Nc3 a6 15. Qe2 Qd3 16. Qxd3 Nxd3 17. Rd1 Ndxe5 18. Nxe5 Nxe5 19. Bf4 Nc6 20. Bc7 Bc5 21. Na4 Ba7 22. Nb6 Bxb6 23. Bxb6 Nb4 24. Bc5 Nd5 25. Rd4 Rc8 26. Ba3 Kd7 27. f4 g6 28. Rad1 Rc2 29. R4d2 Rhc8 30. Kf2 R8c4 31. g3 f5 32. b3 Rc6 33. Bb2 Ke7 34. Ke2 Rxb2 35. Rxb2 Nc3+ 36. Kd2 Nxd1 37. Kxd1 e5 38. fxe5 Ke6 39. Re2 Rc5 40. Kd2 Rxe5 41. Rxe5+ Kxe5 42. Ke3 g5 43. Kf3 f4 44. gxf4+ gxf4 45. b4 b5 46. a3 Kf5 47. Kf2 Ke4 48. Ke2 f3+ 49. Kf2 Kf4 50. Ke1 Ke3 51. Kf1 f2 0-1

[Event "GER-ch U25-B"]
[Site "Willingen"]
[Date "2018.05.26"]
[Round "9"]
[White "Reuter, Julian Frank"]
[Black "Adelmeyer, Matti"]
[Result "1-0"]
[WhiteElo "1652"]
[BlackElo "1834"]
[PlyCount "167"]
[EventDate "2018.05.19"]
[EventType "swiss"]
[EventRounds "9"]
[EventCountry "GER"]
[SourceTitle "CBM 184 Extra"]
[Source "ChessBase"]
[SourceDate "2018.06.28"]
[SourceVersion "1"]
[SourceVersionDate "2018.06.28"]
[SourceQuality "1"]

1. e4 e5 2. Nf3 Nc6 3. Bc4 Bc5 4. d3 h6 5. c3 d6 6. Nbd2 Nf6 7. Nf1 0-0 8. Ng3 Bb6 9. Bb3 Be6 10. Bc2 Re8 11. 0-0 d5 12. Qe2 d4 13. Nh4 Bg4 14. Qe1 Nh5 15. Nhf5 Nxg3 16. Nxg3 Qd6 17. Kh1 Rad8 18. c4 Ne7 19. f4 exf4 20. Bxf4 Qd7 21. Bd1 Ng6 22. Bxg4 Qxg4 23. Bd2 Ne5 24. Rf4 Qg6 25. Qe2 c5 26. Nf5 Bc7 27. Rh4 Re6 28. Bf4 Qf6 29. Rf1 Rd7 30. Rh3 b6 31. Rg3 g5 32. h4 Kf8 33. hxg5 hxg5 34. Bxg5 Qh8+ 35. Rh3 Qg8 36. Bh6+ Rxh6 37. Rxh6 Ng4 38. Rh4 Ne5 39. Qh5 Nxd3 40. Qh8 Ne5 41. Qf6 Ng6 42. Rh6 Bd8 43. Qc6 Ne5 44. Qa4 Bg5 45. Rh3 f6 46. Kg1 Rh7 47. Qa6 Rc7 48. Kf2 Nxc4 49. Rfh1 Be3+ 50. Nxe3 dxe3+ 51. Kf3 Nd2+ 52. Kxe3 Qg5+ 53. Kf2 Nxe4+ 54. Kg1 Qc1+ 55. Qf1 Qxf1+ 56. Kxf1 Rg7 57. Rh8+ Kf7 58. R1h7 Nd2+ 59. Ke2 Nc4 60. b3 Ne5 61. Rxg7+ Kxg7 62. Ra8 Nc6 63. Rc8 Nd4+ 64. Kd3 Kg6 65. Rc7 Nb5 66. Rd7 Kf5 67. Kc4 Na3+ 68. Kd5 Nb5 69. Kc6 Nd4+ 70. Kb7 Nb5 71. Ka6 Nc3 72. a4 c4 73. bxc4 Nxa4 74. Rxa7 Nb2 75. Rc7 Ke5 76. Kxb6 Kd4 77. c5 Na4+ 78. Kb5 Nc3+ 79. Kc6 Ne4 80. Kb6 Nc3 81. Rd7+ Kc4 82. c6 Na4+ 83. Ka7 Kc5 84. c7 1-0

[Event "GER-ch U25-B"]
[Site "Willingen"]
[Date "2018.05.22"]
[Round "4"]
[White "Reuter, Julian Frank"]
[Black "Weimert, Miriam"]
[Result "1/2-1/2"]
[WhiteElo "1652"]
[BlackElo "1791"]
[PlyCount "68"]
[EventDate "2018.05.19"]
[EventType "swiss"]
[EventRounds "9"]
[EventCountry "GER"]
[SourceTitle "CBM 184 Extra"]
[Source "ChessBase"]
[SourceDate "2018.06.28"]
[SourceVersion "1"]
[SourceVersionDate "2018.06.28"]
[SourceQuality "1"]

1. e4 c5 2. Nf3 Nc6 3. Bb5 a6 4. Bxc6 bxc6 5. 0-0 e6 6. d3 d5 7. Nc3 Nf6 8. e5 Nd7 9. Re1 Be7 10. Ne2 0-0 11. c4 Re8 12. Bf4 g5 13. Bg3 Nf8 14. Nd2 Ng6 15. h3 f5 16. exf6 Bxf6 17. Nc3 e5 18. Qa4 Bb7 19. Nb3 Be7 20. Bxe5 Nxe5 21. Rxe5 Bd6 22. Rxe8+ Qxe8 23. Nd2 Qg6 24. Qb3 Rb8 25. cxd5 Bc8 26. Qc2 g4 27. hxg4 Bxg4 28. Nde4 Bf3 29. Ng3 Bxg3 30. fxg3 Qxg3 31. dxc6 Bxc6 32. Ne4 Bxe4 33. dxe4 Qe3+ 34. Qf2 Qxf2+ 1/2-1/2